| 000 | 00612nam a2200193Ia 4500 | ||
|---|---|---|---|
| 003 | GCL | ||
| 008 | 140319s9999 xx 000 0 eng d | ||
| 020 | _a0679743316 | ||
| 040 |
_aGCL / _cGCL |
||
| 082 | 0 | 4 |
_a356.825119095694 _bT H |
| 100 | 1 | _aHERSH, SEYMOUR M | |
| 245 | 1 | 0 |
_aTHE SAMSON OPTION : _bISRAEL'S NUCLEAR ARSENAL AND AMERICAN FOREIGN POLICY / _cHERSH, SEYMOUR M |
| 260 |
_aنيويورك : _bVINTAGE BOOKS ، _c1992 |
||
| 300 |
_a20 CM ؛ _cXII, 362 |
||
| 650 | 0 | 4 | _aISRAEL - MILITARY POLICY |
| 650 | 0 | 4 | _aNUCLEAR WEAPONS - ISRAEL |
| 650 | 0 | 4 | _aISRAEL - FOREIGN RELATIONS - U.S.A |
| 942 |
_2ddc _cBK |
||
| 999 |
_c4396 _d4396 |
||